000 00626nam a2200241Ia 4500
003 OSt
005 20221007072721.0
006 a|||||r|||| 00| 0
007 ta
008 221006b |||||||| |||| 00| 0 eng d
024 _a24,917
037 _cTextual
040 _aFLL
_cFLL
_beng
041 _2eng
_aeng
082 _aZ3,211,4q, L7
100 _aMorris J. H. C. Ed.
_9691274
245 0 _aProperty statutes
250 _a3rd
260 _aLondon
_bSweet & Maxwell UK
_c1977
300 _aviii,534p
_ccm.
942 _hZ3,211,4q, L7
_cTEXL
_2CC
999 _c1146803
_d1146803